00909nam a22002537b 4500003000500000005001700005008004100022020003000063040002400093041001400117082001500131100003200146245007000178260005300248300002300301490002500324655003000349655002400379655002600403700003500429942005800464999001900522952011400541322820260227121924.0260227b sa |||||d|||| 00| 1 AFR d a9781415021545 (paperback) aMPLbengc2000erda aAfrikaans 0aLP AF WEST 9131567aWest, Annieeauthor aSy betowerende aanraking /cAnnie West ; vertaal deur Ina Naudé aParklands :bJacklin Uitgewers ,c©2012,c2013. a188 pages :c21 cm aMills & Boon: Modern 09189056aAfrikaans Fiction 09198295aLarge Print 09188216aLight Romance 9198625aNaude, Inaetranslator 2ddccBKw296xPhillipina Naudey296zPhillipina Naude c793301d793300 00102ddc40708FaKLIPLbKLIPLcFICd2026-02-27l0oLP AF WESTp139315r2026-02-27w2026-02-27yBKzD124479